<?xml version="1.0" encoding="UTF-8"?>
<marc:record xmlns:marc="http://www.loc.gov/MARC21/slim">
   <marc:leader>00000nam a2200000 a 4500</marc:leader>
   <marc:datafield ind1="1" ind2=" " tag="100">
      <marc:subfield code="a">Enquist, Per Olov</marc:subfield>
      <marc:subfield code="4">aut</marc:subfield>
      <marc:subfield code="e">Verfasser/-in</marc:subfield>
   </marc:datafield>
   <marc:datafield ind1="1" ind2=" " tag="100">
      <marc:subfield code="a">Wachtveitl, Udo</marc:subfield>
      <marc:subfield code="4">aut</marc:subfield>
      <marc:subfield code="e">Verfasser/-in</marc:subfield>
   </marc:datafield>
   <marc:datafield ind1=" " ind2=" " tag="653">
      <marc:subfield code="a">CD-Hörbuch</marc:subfield>
   </marc:datafield>
   <marc:datafield ind1="0" ind2="0" tag="245">
      <marc:subfield code="a">Großvater und die Schmuggler</marc:subfield>
   </marc:datafield>
   <marc:datafield ind1="0" ind2="0" tag="245">
      <marc:subfield code="c">Enquist, Per Olov</marc:subfield>
   </marc:datafield>
   <marc:datafield ind1=" " ind2="1" tag="264">
      <marc:subfield code="a">München</marc:subfield>
      <marc:subfield code="b">Hanser</marc:subfield>
      <marc:subfield code="c">2013</marc:subfield>
   </marc:datafield>
   <marc:datafield ind1="1" ind2=" " tag="520">
      <marc:subfield code="a">Der Plan, irgendwann zum Dreihöhlenberg zurückzukehren, ist nie ganz in Vergessenheit geraten und es ist ja auch noch ein Abenteuer offen: Die dritte Höhle ganz oben am Berg hat man nie erforscht... Jetzt sind der Großvater und seine Enkel also wieder vor Ort. Sie finden ein verlassenes Zelt, darin, merkwürdig, die litauische Übersetzung des Buchs, das der Großvater über das erste Abenteuer am Dreihöhlenberg geschrieben hat. In dem Buch befindet sich eine Karte der Umgebung von Hand korrigiert - jemand hat die Gegend erkundet. Ein närrischer Leser? Aber der lässt doch sein Buch nicht zurück. Der Großvater wird misstrauisch. Und sein Misstrauen erweist sich als begründet.</marc:subfield>
   </marc:datafield>
   <marc:datafield ind1=" " ind2=" " tag="041">
      <marc:subfield code="a">ger</marc:subfield>
   </marc:datafield>
   <marc:datafield ind1=" " ind2=" " tag="338">
      <marc:subfield code="a">Audiodisk</marc:subfield>
   </marc:datafield>
   <marc:datafield ind1=" " ind2=" " tag="300">
      <marc:subfield code="a">4</marc:subfield>
   </marc:datafield>
</marc:record>
